=LDR 00000nam 2200000 4500 =001 NUTBA000000000000976 =005 20140407163445.0 =006 =007 =008 =020 ##$$a979-421-051-X =035 ##$$0010-041400000000246 =082 ##$$a370.154 =100 ##$$aSARDIMAN =245 ##$$aINTERAKSI DAN MOTIVASI BELAJAR MENGAJAR =260 ##$$a JAKARTA $b RAJAWALI PERS $c 2011 =440 ##$$aINTERAKSI DAN MOTIVASI BELAJAR MENGAJAR =700 ##$$aSARDIMAN =990 ##$$a 93059/BPAP-NTB/2014 =990 ##$$a 21196472/BPAP-NTB/2014 =990 ##$$a 21196473/BPAP-NTB/2014 =990 ##$$a 0001/BPAP-NTB/20142014 =990 ##$$a 0001/BPAP-NTB/20142015 =990 ##$$a 0001/BPAP-NTB/20142015